| 000 | 00519cam a2200193ua 4500 | ||
|---|---|---|---|
| 001 | 11903 | ||
| 005 | 20260515114820.0 | ||
| 008 | 191116n ii |||gr||||Z||||||eng | ||
| 020 | _a9789985099035 | ||
| 040 | _cMAIN | ||
| 082 | _a809.03 | ||
| 100 |
_aY.S.Reddy, _eEditor. |
||
| 245 |
_aEncyclopedia of Post colonial Literary Criticism _cEdited by Y.S.Reddy |
||
| 250 | _bvol.2. | ||
| 260 |
_aNew Delhi: _bQuality Publications, _c2014. |
||
| 300 | _a272p. | ||
| 653 | _aHistory, description & criticism | ||
| 942 | _cBK | ||
| 999 |
_c10679 _d10679 |
||